[Event "MMPONNR"]
[Site "Ogrodniczki k. Bialegostoku"]
[Date "2008.07.18"]
[Round "3.2"]
[White "Koper, Ireneusz"]
[Black "Smirnov, Aleksander"]
[Result "0-1"]
[WhiteElo "2025"]
[BlackElo "2241"]
[PlyCount "106"]
[EventDate "2008.??.??"]

1. e4 c5 2. Nc3 a6 3. g3 b5 4. Bg2 Bb7 5. d3 e6 6. Be3 Nf6 7. h3 Be7 8. Qd2 O-O
9. f4 d5 10. exd5 Nxd5 11. Nxd5 Bxd5 12. Nf3 Nd7 13. O-O Qc7 14. b3 Bf6 15.
Rad1 b4 16. d4 Rac8 17. c4 bxc3 18. Qxc3 Qb7 19. Qd2 Rfd8 20. Ne5 cxd4 21. Bxd4
Nxe5 22. fxe5 Be7 23. Qf2 Bxg2 24. Qxg2 Qxg2+ 25. Kxg2 Rd5 26. Rf2 Rcd8 27.
Rfd2 Bb4 28. Rd3 Bc5 29. Bxc5 Rxd3 30. Rf1 Rd2+ 31. Rf2 Rxf2+ 32. Bxf2 Rd5 33.
b4 Rxe5 34. a4 Kf8 35. Bc5+ Ke8 36. a5 Rxc5 37. bxc5 Kd7 38. Kf3 Kc6 39. Ke4
Kxc5 40. Ke5 Kb5 41. g4 Kxa5 42. h4 Kb4 43. h5 a5 44. g5 a4 45. h6 gxh6 46.
gxh6 a3 47. Kf6 a2 48. Kg7 a1=Q+ 49. Kxh7 f5 50. Kg8 f4 51. h7 f3 52. h8=Q
Qxh8+ 53. Kxh8 f2 0-1

[Event "MMPONNR"]
[Site "Ogrodniczki k. Bialegostoku"]
[Date "2008.07.18"]
[Round "3.3"]
[White "Bieluczyk, Bogdan"]
[Black "Lipski, Tadeusz"]
[Result "1/2-1/2"]
[WhiteElo "2233"]
[BlackElo "2140"]
[PlyCount "21"]
[EventDate "2008.??.??"]

1. e4 c5 2. Nf3 g6 3. c3 Bg7 4. d4 cxd4 5. cxd4 d5 6. e5 Nc6 7. Nc3 Bg4 8. Be2
Bxf3 9. Bxf3 e6 10. O-O Nge7 11. g4 1/2-1/2

[Event "MMPONNR"]
[Site "Ogrodniczki k. Bialegostoku"]
[Date "2008.07.18"]
[Round "3.4"]
[White "Wolski, Jerzy"]
[Black "Flazinski, Jozef"]
[Result "1/2-1/2"]
[WhiteElo "1961"]
[BlackElo "2036"]
[PlyCount "31"]
[EventDate "2008.??.??"]

1. c4 c5 2. Nc3 Nc6 3. Nf3 g6 4. g3 Bg7 5. Bg2 Nf6 6. d3 d6 7. O-O O-O 8. e4
Bg4 9. Be3 Ne5 10. h3 Bxf3 11. Bxf3 Nxf3+ 12. Qxf3 Nd7 13. h4 h5 14. Rad1 Ne5
15. Qe2 Qd7 16. Kg2 1/2-1/2

[Event "MMPONNR"]
[Site "Ogrodniczki k. Bialegostoku"]
[Date "2008.07.18"]
[Round "3.6"]
[White "Krawczyk, Wieslaw"]
[Black "Gorski, Jan"]
[Result "1-0"]
[WhiteElo "2120"]
[BlackElo "2100"]
[PlyCount "43"]
[EventDate "2008.??.??"]

1. e4 c5 2. d4 cxd4 3. c3 dxc3 4. Nxc3 Nc6 5. Nf3 g6 6. Bc4 Bg7 7. Qe2 e6 8.
Bf4 Qa5 9. O-O Nge7 10. Nb5 O-O 11. a3 e5 12. Bd2 Qd8 13. Nd6 Qc7 14. Qd3 a6
15. Ng5 Nd8 16. Rac1 Nec6 17. Ngxf7 Nxf7 18. Bxf7+ Kh8 19. Ba2 h6 20. Nf7+ Kh7
21. Nxh6 Bxh6 22. Qh3 1-0

[Event "MMPONNR"]
[Site "Ogrodniczki k. Bialegostoku"]
[Date "2008.07.18"]
[Round "3.7"]
[White "Klimavicius, Romualdas"]
[Black "Przybyl, Jozef"]
[Result "1-0"]
[WhiteElo "2255"]
[BlackElo "1935"]
[PlyCount "89"]
[EventDate "2008.??.??"]

1. d4 d5 2. c3 c6 3. Bg5 Bf5 4. Nd2 Nd7 5. Qb3 Qb6 6. Ngf3 e6 7. Nh4 Bg6 8.
Nxg6 hxg6 9. e4 Qxb3 10. axb3 Bd6 11. e5 Bc7 12. Bd3 Ne7 13. Bxe7 Kxe7 14. f4
a5 15. Ke2 b6 16. Nf3 Rh6 17. h4 Rhh8 18. g4 f5 19. gxf5 gxf5 20. Rag1 Rag8 21.
Rg2 g6 22. Ke3 Nf8 23. Rgh2 Bd8 24. b4 Ke8 25. bxa5 bxa5 26. b4 Rg7 27. bxa5
Bxa5 28. Ra1 Bd8 29. Ra8 Rc7 30. Rb2 Kd7 31. Rbb8 Be7 32. Ba6 Bxh4 33. Rxf8
Rxf8 34. Rxf8 Be7 35. Rg8 Ra7 36. Bc8+ Kc7 37. Bxe6 Ra3 38. Rg7 Kd8 39. Rxg6
Rxc3+ 40. Ke2 c5 41. Bxd5 cxd4 42. Nxd4 Bc5 43. Ne6+ Kc8 44. Nxc5 Rxc5 45. Rc6+
1-0

[Event "MMPONNR"]
[Site "Ogrodniczki k. Bialegostoku"]
[Date "2008.07.18"]
[Round "3.8"]
[White "Jurkiewicz, Krzysztof"]
[Black "Jagiela, Piotr"]
[Result "1-0"]
[WhiteElo "2188"]
[BlackElo "1923"]
[PlyCount "153"]
[EventDate "2008.??.??"]

1. d4 d6 2. c4 e5 3. dxe5 dxe5 4. Qxd8+ Kxd8 5. Nf3 f6 6. Nc3 Be6 7. e3 Nd7 8.
Bd2 c6 9. Be2 Nh6 10. O-O Nf7 11. a3 Nd6 12. b3 b6 13. a4 a5 14. Rfd1 Be7 15.
e4 Kc7 16. Be3 Nb7 17. Nd2 g5 18. Rac1 h5 19. Nd5+ Bxd5 20. cxd5 c5 21. Bb5 Nd6
22. Nc4 Nxc4 23. bxc4 Bd6 24. Bxd7 Kxd7 25. Rb1 Rab8 26. Rd3 h4 27. Bd2 Kc7 28.
h3 Rhf8 29. Kf1 Rg8 30. Rdb3 Rh8 31. Ke2 Rhf8 32. Kf1 f5 33. Bxg5 fxe4 34. Ke2
Rh8 35. Bd2 Be7 36. Re3 Rbg8 37. Rg1 Rf8 38. Rxe4 Kd6 39. Rb1 Bd8 40. Bc3 Rh5
41. Rg4 Rhf5 42. f3 Rf4 43. Bd2 Rxg4 44. hxg4 Rh8 45. Rh1 Rg8 46. Kd3 Be7 47.
Ke4 Bd8 48. Be1 Rh8 49. Bc3 Re8 50. Bd2 Rg8 51. Rh3 Be7 52. Be1 Rf8 53. Bxh4
Rf4+ 54. Kd3 Rd4+ 55. Kc3 Bxh4 56. Rxh4 e4 57. Rh6+ Kc7 58. Re6 Rd3+ 59. Kc2
Ra3 60. Rxe4 Ra2+ 61. Kd3 Rxg2 62. Re7+ Kd6 63. Re6+ Kc7 64. Re2 Rg1 65. Rc2
Re1 66. f4 Kd6 67. Rb2 Rd1+ 68. Ke3 Re1+ 69. Kf3 Ra1 70. Rxb6+ Ke7 71. g5 Rxa4
72. g6 Rxc4 73. Rb7+ Kf8 74. f5 Rd4 75. f6 Ke8 76. g7 Rxd5 77. g8=Q# 1-0

[Event "MMPONNR"]
[Site "Ogrodniczki k. Bialegostoku"]
[Date "2008.07.18"]
[Round "3.9"]
[White "Cylwik, Zbigniew"]
[Black "Pela, Edward"]
[Result "1/2-1/2"]
[WhiteElo "2089"]
[BlackElo "1915"]
[PlyCount "100"]
[EventDate "2008.??.??"]

1. d4 Nf6 2. c4 g6 3. Nc3 d5 4. Nf3 Bg7 5. e3 O-O 6. b4 b6 7. Be2 c5 8. bxc5
bxc5 9. O-O dxc4 10. Bxc4 cxd4 11. exd4 Ba6 12. Bxa6 Nxa6 13. Qa4 Nc7 14. Ba3
Re8 15. Rab1 Nfd5 16. Nxd5 Nxd5 17. Rb3 Bf8 18. Bc5 Nb6 19. Qa6 Qc8 20. Qe2 Nd7
21. Ba3 Bh6 22. Re1 e6 23. Ne5 Nxe5 24. dxe5 Rd8 25. Bd6 Bf8 26. Rd1 Bxd6 27.
exd6 Rd7 28. Qd2 Qf8 29. h4 Rad8 30. Rd3 Qg7 31. h5 Rb8 32. Qc2 Rbd8 33. Qc5
Qf8 34. a4 Qh6 35. hxg6 hxg6 36. a5 Qh5 37. Qc3 Qh8 38. Qb4 Qh5 39. Qc3 Qh8 40.
Qa3 Qg7 41. a6 Qf6 42. Qc5 Qg7 43. Qe3 Qf8 44. Qe5 Qg7 45. Qc5 Qf8 46. Qc6 Qg7
47. Qc2 Qe5 48. Qc6 Qf6 49. g3 Qg7 50. Rb3 Qf8 1/2-1/2

[Event "MMPONNR"]
[Site "Ogrodniczki k. Bialegostoku"]
[Date "2008.07.18"]
[Round "3.10"]
[White "Muller, Marcin"]
[Black "Swiebocki, Jan"]
[Result "0-1"]
[WhiteElo "1735"]
[BlackElo "1997"]
[PlyCount "175"]
[EventDate "2008.??.??"]

1. e4 e6 2. d4 d5 3. exd5 exd5 4. Nc3 c6 5. a3 Nf6 6. h3 Bf5 7. Bd3 Bxd3 8.
Qxd3 Bd6 9. Bg5 O-O 10. Qf3 Re8+ 11. Nge2 Nbd7 12. O-O Qb6 13. b4 Ne4 14. Nxe4
Rxe4 15. Ng3 Bxg3 16. Qxg3 Rae8 17. c3 R4e6 18. Be3 Nf6 19. Qf3 Ne4 20. Rfc1
Nd6 21. a4 a6 22. Bf4 Nc4 23. h4 Qd8 24. h5 Qf6 25. Qg3 Qf5 26. h6 g6 27. f3 f6
28. Re1 g5 29. Bc7 Kf7 30. a5 Kg6 31. Rxe6 Rxe6 32. Re1 Kxh6 33. Bb6 Kg6 34.
Rxe6 Qxe6 35. Qc7 Qf7 36. Qc8 Nd6 37. Qb8 Nb5 38. Qc8 Nxc3 39. Bc5 Ne2+ 40. Kf2
Nf4 41. g3 Ne6 42. g4 Kg7 43. Kg3 Nf4 44. Qb8 h5 45. Bd6 h4+ 46. Kf2 Ne6 47.
Qc8 Nxd4 48. Kg2 Ne6 49. Kf2 Nd4 50. Bc7 Nb5 51. Bb6 Nd6 52. Qd8 Nb5 53. Bc5
Kh7 54. Be7 Kg7 55. Bc5 Na3 56. Ke2 Nc4 57. Kf2 Ne5 58. Bd6 Nc4 59. Bc5 Na3 60.
f4 gxf4 61. g5 Kg6 62. gxf6 Qxf6 63. Qg8+ Qg7 64. Qe6+ Qf6 65. Qg8+ Qg7 66.
Qe6+ Kh5 67. Qf5+ Qg5 68. Qh7+ Kg4 69. Be7 Qh5 70. Qg7+ Kf5 71. Qf6+ Ke4 72.
Bc5 Qf3+ 73. Ke1 Qg3+ 74. Bf2 Nc2+ 75. Kf1 Qd3+ 76. Kg1 Ne3 77. Bxe3 Kxe3 78.
Qe6+ Kd2 79. Kh2 Qe4 80. Qf6 Kc2 81. Kh3 Kb3 82. Kxh4 Qxb4 83. Kg4 d4 84. Kf3
Qc3+ 85. Kxf4 c5 86. Qe5 Qe3+ 87. Qxe3+ dxe3 88. Kxe3 0-1

[Event "MMPONNR"]
[Site "Ogrodniczki k. Bialegostoku"]
[Date "2008.07.18"]
[Round "3.12"]
[White "Gigon, Stanislaw"]
[Black "Szydlowski, Wiktor"]
[Result "0-1"]
[WhiteElo "1953"]
[BlackElo "1850"]
[PlyCount "99"]
[EventDate "2008.??.??"]

1. e4 e5 2. Nf3 Nc6 3. Bc4 Nf6 4. d3 Bc5 5. c3 O-O 6. b4 Be7 7. O-O a6 8. Na3
d6 9. Nc2 Bg4 10. Ne3 Bh5 11. Nf5 h6 12. Re1 d5 13. Nxe7+ Nxe7 14. Bb3 c6 15.
h3 Qc7 16. g4 dxe4 17. dxe4 Bg6 18. Qc2 Ned5 19. Nh4 Ne7 20. Nf5 c5 21. Be3
Bxf5 22. Bxc5 Be6 23. Bxe6 fxe6 24. Qb3 Kf7 25. f3 Rfd8 26. Be3 Rac8 27. Rac1
Ng6 28. c4 Nf4 29. Bxf4 exf4 30. Re2 Nd7 31. c5 Ne5 32. Rc3 Rd7 33. a4 Rcd8 34.
b5 Rd3 35. b6 Qc6 36. Kg2 Qd7 37. Rxd3 Qxd3 38. Qxd3 Rxd3 39. Rb2 Rxf3 40. c6
Rg3+ 41. Kh2 Nxc6 42. Rd2 Ke7 43. Rf2 g5 44. h4 Re3 45. hxg5 hxg5 46. Kg1 Rxe4
47. Rh2 Kd6 48. Rh7 Na5 49. Rg7 Re5 50. Kg2 0-1

[Event "MMPONNR"]
[Site "Ogrodniczki k. Bialegostoku"]
[Date "2008.07.18"]
[Round "3.16"]
[White "Czech, Jan"]
[Black "Pilimon, Zbigniew"]
[Result "1-0"]
[WhiteElo "1921"]
[BlackElo "1728"]
[PlyCount "123"]
[EventDate "2008.??.??"]

1. e4 c5 2. Nf3 d6 3. d4 cxd4 4. Nxd4 Nf6 5. Nc3 a6 6. Be2 e5 7. Nb3 Be7 8. O-O
Be6 9. Be3 Nbd7 10. f4 Qc7 11. Nd2 Nc5 12. Bf3 O-O 13. a3 b5 14. Kh1 Rac8 15.
Rc1 Ncd7 16. f5 Bc4 17. Rg1 Qa5 18. g4 Ne8 19. g5 g6 20. fxg6 fxg6 21. Nxc4
Rxc4 22. Bg4 Rxc3 23. Qd5+ Kh8 24. Bd2 Qc7 25. Bxc3 Bxg5 26. Rcf1 Nef6 27. Qd1
Nc5 28. Bf3 Be3 29. Rg2 Qe7 30. Qe1 Bf4 31. b4 Ne6 32. Rgf2 Rc8 33. Bg2 Kg8 34.
Bb2 Ng4 35. Re2 Bxh2 36. Bh3 Bf4 37. Bxg4 Rc4 38. Bxe6+ Qxe6 39. Qh4 g5 40. Qh5
Rc7 41. Rg2 Rg7 42. Qg4 Qh6+ 43. Kg1 Be3+ 44. Rgf2 Rf7 45. Kg2 Bxf2 46. Rxf2
Rxf2+ 47. Kxf2 Qh2+ 48. Qg2 Qf4+ 49. Ke2 h5 50. Bc3 g4 51. Bd2 Qf7 52. Qg3 Qg6
53. Ke3 Qf7 54. Ke2 Qg6 55. Ke3 Qf7 56. c3 Qg6 57. Kd3 d5 58. Qxe5 dxe4+ 59.
Qxe4 Qd6+ 60. Kc2 Kg7 61. Bf4 Qf6 62. Be5 1-0

[Event "MMPONNR"]
[Site "Ogrodniczki k. Bialegostoku"]
[Date "2008.07.18"]
[Round "3.17"]
[White "Dulinski, Stanislaw"]
[Black "Sarnowski, Ryszard"]
[Result "1-0"]
[WhiteElo "1851"]
[BlackElo "1534"]
[PlyCount "69"]
[EventDate "2008.??.??"]

1. e4 e6 2. d4 d5 3. Nd2 c5 4. Ngf3 a6 5. exd5 Qxd5 6. Bc4 Qd8 7. c3 b5 8. Bb3
Bb7 9. O-O c4 10. Bc2 Be7 11. Qe2 Nf6 12. h3 O-O 13. a3 Nbd7 14. Ng5 h6 15.
Nge4 Nd5 16. f4 f5 17. Ng3 Nc7 18. Nf3 Bd5 19. Bd2 Qe8 20. Kh2 Qg6 21. Rae1 a5
22. Rf2 Rae8 23. Nf1 Qf7 24. Ne3 Bb7 25. Ne5 Nxe5 26. fxe5 Nd5 27. Ref1 h5 28.
Nxf5 exf5 29. Rxf5 Qe6 30. Rxh5 Rxf1 31. Bh7+ Kf8 32. Qxf1+ Nf6 33. Bg6 Kg8 34.
exf6 Rc8 35. f7+ 1-0

[Event "MMPONNR"]
[Site "Ogrodniczki k. Bialegostoku"]
[Date "2008.07.19"]
[Round "4.1"]
[White "Smirnov, Aleksander"]
[Black "Bieluczyk, Bogdan"]
[Result "1-0"]
[WhiteElo "2241"]
[BlackElo "2233"]
[PlyCount "117"]
[EventDate "2008.??.??"]

1. e4 c5 2. Nf3 Nc6 3. Na3 g6 4. c3 Bg7 5. Bb5 Nf6 6. Qa4 O-O 7. e5 Ne8 8. d4
cxd4 9. cxd4 Nc7 10. Be2 d6 11. Bf4 Nd5 12. Bg3 Bd7 13. Qb3 Qa5+ 14. Kf1 dxe5
15. Qxb7 Qd8 16. Nxe5 Nxe5 17. dxe5 Be6 18. Nc4 Rc8 19. Qxa7 Nc3 20. bxc3 Bxc4
21. Qd4 Bxe2+ 22. Kxe2 Qa5 23. Rhc1 Rfd8 24. Qb4 Qa6+ 25. c4 Rd5 26. f4 Rdc5
27. Kf2 Rxc4 28. Rxc4 Rxc4 29. Qb8+ Rc8 30. Qb3 Qa7+ 31. Kf1 Bh6 32. Qd3 Qa4
33. Qe3 Rc4 34. Qb3 Bxf4 35. e6 f6 36. Qxa4 Rxa4 37. Bxf4 Rxf4+ 38. Ke2 Re4+
39. Kd3 Rxe6 40. a4 Ra6 41. a5 e5 42. Kc4 Kf7 43. Kb5 Ra8 44. Kc6 Ke6 45. Kb7
Rd8 46. a6 Rd7+ 47. Kc6 Rd6+ 48. Kc7 Rd7+ 49. Kc8 e4 50. a7 Rxa7 51. Rxa7 f5
52. Rxh7 f4 53. Kd8 g5 54. h3 f3 55. gxf3 exf3 56. Ke8 Ke5 57. Rf7 Ke4 58. Kf8
Ke3 59. Kg7 1-0

[Event "MMPONNR"]
[Site "Ogrodniczki k. Bialegostoku"]
[Date "2008.07.19"]
[Round "4.2"]
[White "Jaworski, Miroslaw"]
[Black "Krawczyk, Wieslaw"]
[Result "0-1"]
[WhiteElo "2374"]
[BlackElo "2120"]
[PlyCount "64"]
[EventDate "2008.??.??"]

1. d4 c5 2. d5 e5 3. e4 a6 4. c4 d6 5. Nc3 g6 6. Nge2 Bg7 7. h3 f5 8. exf5 gxf5
9. Ng3 Nf6 10. Nh5 O-O 11. Nxg7 Kxg7 12. Be2 Kh8 13. f4 Ne4 14. Nxe4 fxe4 15.
O-O Nd7 16. fxe5 Nxe5 17. Rxf8+ Qxf8 18. Be3 Qg7 19. Kh2 Bf5 20. Qe1 Rg8 21.
Qf2 Bd7 22. Rf1 b5 23. b3 bxc4 24. bxc4 Ba4 25. Rb1 Bc2 26. Rb6 Bd3 27. Bxd3
Nxd3 28. Qg1 Qg3+ 29. Kh1 Rf8 30. Qa1+ Kg8 31. Bg1 e3 32. Rb3 e2 0-1

[Event "MMPONNR"]
[Site "Ogrodniczki k. Bialegostoku"]
[Date "2008.07.19"]
[Round "4.3"]
[White "Buzun, Michal"]
[Black "Gurbanov, Andrei"]
[Result "1/2-1/2"]
[WhiteElo "1896"]
[BlackElo "2181"]
[PlyCount "47"]
[EventDate "2008.??.??"]

1. e4 e5 2. Nc3 Nc6 3. Bc4 Nf6 4. d3 Bc5 5. f4 d6 6. Nf3 a6 7. a3 h6 8. Qe2 Bg4
9. Be3 Nd4 10. Bxd4 Bxd4 11. fxe5 dxe5 12. h3 Bxf3 13. Qxf3 Qe7 14. Nd1 O-O-O
15. c3 Ba7 16. a4 Rd7 17. Rf1 Kb8 18. Ne3 Qc5 19. Ng4 Nxg4 20. Qxg4 Rhd8 21.
Qe2 f6 22. Rf3 Qg1+ 23. Rf1 Qc5 24. Rf3 1/2-1/2

[Event "MMPONNR"]
[Site "Ogrodniczki k. Bialegostoku"]
[Date "2008.07.19"]
[Round "4.4"]
[White "Lipski, Tadeusz"]
[Black "Koper, Ireneusz"]
[Result "1/2-1/2"]
[WhiteElo "2140"]
[BlackElo "2025"]
[PlyCount "33"]
[EventDate "2008.??.??"]

1. e4 c6 2. Nc3 d5 3. Qf3 dxe4 4. Qxe4 Nf6 5. Qh4 Bf5 6. d4 e6 7. Bg5 Bxc2 8.
Nf3 Be7 9. Ne5 Nbd7 10. Rc1 Bf5 11. Be2 Nxe5 12. dxe5 Nd5 13. Bxe7 Qxe7 14. Qg3
O-O 15. O-O Rfd8 16. a3 Nxc3 17. Qxc3 1/2-1/2

[Event "MMPONNR"]
[Site "Ogrodniczki k. Bialegostoku"]
[Date "2008.07.19"]
[Round "4.6"]
[White "Szydlowski, Wiktor"]
[Black "Jurkiewicz, Krzysztof"]
[Result "0-1"]
[WhiteElo "1850"]
[BlackElo "2188"]
[PlyCount "102"]
[EventDate "2008.??.??"]

1. e4 c5 2. Nc3 Nc6 3. Bb5 Nd4 4. Bc4 g6 5. Nf3 Bg7 6. O-O d6 7. Nxd4 cxd4 8.
Ne2 Nf6 9. d3 d5 10. exd5 Nxd5 11. Bb5+ Bd7 12. Bc4 Bc6 13. a3 O-O 14. Ng3 b5
15. Bb3 a5 16. Bd2 Qb6 17. Re1 e5 18. Ne4 Kh8 19. Ng5 h6 20. Nh3 Bb7 21. Qg4
Qc6 22. f3 Ne7 23. Qg3 Nf5 24. Qf2 Bf6 25. Rac1 Kg7 26. Re4 Qb6 27. Re2 Rac8
28. Qe1 a4 29. Ba2 Nh4 30. Qg3 Nf5 31. Qe1 Rfe8 32. Nf2 Nh4 33. Ne4 Bd8 34. Bb4
Nf5 35. g4 Bh4 36. Qf1 Ne3 37. Qh3 Be7 38. Bd2 Bxe4 39. Bxe3 dxe3 40. fxe4 Bg5
41. Qf3 Re7 42. h3 Qd4 43. Rb1 Bf4 44. Kf1 Rec7 45. Qg2 Rc6 46. Ke1 Bg5 47. Kd1
Rf6 48. b3 Rcc6 49. Rc1 Rf2 50. Qg1 Rcf6 51. Ke1 Qc3+ 0-1

[Event "MMPONNR"]
[Site "Ogrodniczki k. Bialegostoku"]
[Date "2008.07.19"]
[Round "4.7"]
[White "Flazinski, Jozef"]
[Black "Koszela, Stanislaw"]
[Result "1-0"]
[WhiteElo "2036"]
[BlackElo "1937"]
[PlyCount "83"]
[EventDate "2008.??.??"]

1. e4 d6 2. d4 Nf6 3. Nc3 Nbd7 4. Nf3 e5 5. Bg5 Be7 6. dxe5 dxe5 7. Bc4 c6 8.
O-O O-O 9. a3 Qc7 10. Ne2 Nc5 11. Bxf6 Bxf6 12. Ng3 b5 13. Be2 Be6 14. c4 Qb8
15. b4 Na4 16. Qc1 g6 17. Rd1 Bg7 18. Qc2 a6 19. c5 h6 20. Rd6 Qc7 21. Rad1
Rfe8 22. Nf1 Rad8 23. Ne3 Bf8 24. Rxd8 Rxd8 25. Rxd8 Qxd8 26. Nxe5 Qc7 27. Nd3
Bg7 28. Bg4 Bxg4 29. Nxg4 Qd7 30. h3 Qd4 31. e5 h5 32. Nf6+ Bxf6 33. exf6 Qxf6
34. Qe2 Qa1+ 35. Kh2 Qxa3 36. Qe8+ Kg7 37. Ne5 Qb3 38. Nxc6 Qc4 39. Qe5+ Kg8
40. Ne7+ Kf8 41. Nd5 Kg8 42. c6 1-0

[Event "MMPONNR"]
[Site "Ogrodniczki k. Bialegostoku"]
[Date "2008.07.19"]
[Round "4.9"]
[White "Wajda, Mariusz"]
[Black "Cylwik, Zbigniew"]
[Result "0-1"]
[WhiteElo "1927"]
[BlackElo "2089"]
[PlyCount "104"]
[EventDate "2008.??.??"]

1. e4 c5 2. c3 d5 3. exd5 Qxd5 4. d4 e6 5. Nf3 Nf6 6. Be2 cxd4 7. cxd4 Be7 8.
O-O O-O 9. Nc3 Qd8 10. Bf4 Nd5 11. Bg3 Nxc3 12. bxc3 Nc6 13. Bd3 Bf6 14. Qc2 g6
15. Rfe1 Bd7 16. Rac1 Rc8 17. Qb1 Na5 18. Ne5 b6 19. Nxd7 Qxd7 20. Ba6 Rcd8 21.
Rcd1 Qc6 22. Qb4 Nb7 23. Bb5 Qc8 24. Bf4 Rd5 25. Bd3 Na5 26. Be3 Qc7 27. Be2
Be7 28. Qb2 Nc4 29. Qb3 Nxe3 30. fxe3 Bd6 31. h3 Ra5 32. a4 Qc6 33. Ra1 Qe4 34.
Bf3 Qh4 35. e4 Bf4 36. e5 Qg5 37. c4 Rd8 38. Rad1 Bd2 39. Re4 Bf4 40. Rd3 h5
41. Bd1 h4 42. Rf3 Bg3 43. Qc3 Bxe5 44. Bb3 Bxd4+ 45. Rxd4 Qc5 46. Qe1 Qxd4+
47. Kh1 Re5 48. Qf1 Rf5 49. Rxf5 exf5 50. Qe1 Kg7 51. Kh2 Rd6 52. a5 Re6 0-1

[Event "MMPONNR"]
[Site "Ogrodniczki k. Bialegostoku"]
[Date "2008.07.19"]
[Round "4.12"]
[White "Gorski, Jan"]
[Black "Czech, Jan"]
[Result "1-0"]
[WhiteElo "2100"]
[BlackElo "1921"]
[PlyCount "108"]
[EventDate "2008.??.??"]

1. d4 Nf6 2. Nf3 e6 3. Bg5 Be7 4. e3 b6 5. Bd3 Bb7 6. Nbd2 h6 7. Bxf6 Bxf6 8.
e4 d6 9. O-O Nd7 10. Qe2 O-O 11. Rfe1 e5 12. c3 c6 13. Nc4 Qc7 14. dxe5 Nxe5
15. Nfxe5 dxe5 16. Rad1 Rad8 17. Ne3 g6 18. a4 Bc8 19. Bc4 Qe7 20. h3 h5 21. b4
Bg5 22. Nf1 Bf4 23. Rxd8 Rxd8 24. Rd1 Kg7 25. Rd3 Bg5 26. Rf3 f6 27. Rd3 Rxd3
28. Qxd3 Qd7 29. Qc2 Qd6 30. Ba2 Be6 31. Bxe6 Qxe6 32. Qd3 Qe7 33. g3 Bh6 34.
Kg2 g5 35. Ne3 Qc7 36. Nf5+ Kg6 37. Qc4 Kh7 38. Qe6 Bg7 39. Qe8 h4 40. gxh4
gxh4 41. Qh5+ Kg8 42. Qxh4 Qf7 43. Qg4 Kh7 44. Qh4+ Kg8 45. Qg4 Kh7 46. Qxg7+
Qxg7+ 47. Nxg7 Kxg7 48. Kf3 Kh6 49. Kg4 Kg6 50. h4 f5+ 51. exf5+ Kf6 52. h5 a6
53. f3 c5 54. bxc5 b5 1-0

[Event "MMPONNR"]
[Site "Ogrodniczki k. Bialegostoku"]
[Date "2008.07.19"]
[Round "4.14"]
[White "Buzas, Narvydas"]
[Black "Dulinski, Stanislaw"]
[Result "1-0"]
[WhiteElo "1942"]
[BlackElo "1851"]
[PlyCount "119"]
[EventDate "2008.??.??"]

1. d4 Nf6 2. c4 d5 3. Nc3 g6 4. Bg5 Ne4 5. Nxe4 dxe4 6. e3 c6 7. Qd2 Bg7 8. Ne2
O-O 9. Nc3 f5 10. Be2 Nd7 11. O-O Nf6 12. b4 b6 13. a4 Be6 14. Rfd1 Bf7 15. Ra3
Qc8 16. Rda1 c5 17. bxc5 bxc5 18. d5 a6 19. Rb1 Rb8 20. Rab3 Rxb3 21. Rxb3 Qc7
22. Na2 Ne8 23. a5 Nd6 24. Rb6 Rb8 25. Rxb8+ Qxb8 26. Bxe7 Qb1+ 27. Qd1 Qxa2
28. Bxd6 Qxa5 29. Be7 Be8 30. d6 Qa1 31. f3 Bd7 32. fxe4 fxe4 33. Kf2 Qxd1 34.
Bxd1 Kf7 35. Bc2 Bc6 36. Bd1 Bf8 37. Bxf8 Kxf8 38. Bg4 Ke8 39. Ke1 a5 40. Kd2
Kf7 41. Kc3 Kf6 42. Bc8 Kf7 43. Kb3 Ke8 44. h4 h6 45. g4 Kd8 46. Be6 Ke8 47. g5
h5 48. Ka3 a4 49. Kb2 Kd8 50. Bf7 Kd7 51. Bxg6 Kxd6 52. Bxh5 Ke7 53. Bg6 Kf8
54. h5 Kg7 55. Bf5 Bb7 56. h6+ Kf7 57. g6+ Kf6 58. g7 a3+ 59. Kxa3 Bd5 60. cxd5
1-0

[Event "MMPONNR"]
[Site "Ogrodniczki k. Bialegostoku"]
[Date "2008.07.19"]
[Round "4.15"]
[White "Przybyl, Jozef"]
[Black "Muller, Marcin"]
[Result "1-0"]
[WhiteElo "1935"]
[BlackElo "1735"]
[PlyCount "55"]
[EventDate "2008.??.??"]

1. e4 c5 2. Nc3 Nc6 3. f4 e6 4. Nf3 h6 5. Bb5 Nge7 6. a4 a6 7. Bc4 d5 8. exd5
Nxd5 9. d3 Nxc3 10. bxc3 Be7 11. O-O Bf6 12. Bd2 O-O 13. Rb1 Ne7 14. Ne5 Qc7
15. Ng4 Nd5 16. Bxd5 exd5 17. Nxf6+ gxf6 18. Qh5 f5 19. Qxh6 Qc6 20. Qh4 Re8
21. Rf3 Re6 22. Rg3+ Rg6 23. Qd8+ Kg7 24. Rh3 Rh6 25. Rxh6 Qxh6 26. Re1 b6 27.
Qxd5 Rb8 28. Qe5+ 1-0

[Event "MMPONNR"]
[Site "Ogrodniczki k. Bialegostoku"]
[Date "2008.07.19"]
[Round "4.17"]
[White "Pilimon, Zbigniew"]
[Black "Korycki, Jozef"]
[Result "1-0"]
[WhiteElo "1728"]
[BlackElo "1688"]
[PlyCount "141"]
[EventDate "2008.??.??"]

1. d4 Nf6 2. c4 e6 3. Nf3 d6 4. g3 Be7 5. Nc3 c6 6. e4 h6 7. Bg2 Qc7 8. O-O
Nbd7 9. a3 e5 10. d5 O-O 11. Bd2 Re8 12. Rc1 a6 13. b4 Qb8 14. Re1 Bf8 15. Qb3
c5 16. b5 b6 17. bxa6 Bxa6 18. a4 Qd8 19. Rb1 Qe7 20. Rb2 Reb8 21. Reb1 g5 22.
Ne1 Kh7 23. Nc2 Bg7 24. Ne3 Qf8 25. Bh3 Kh8 26. Bf5 Qe7 27. Qd1 Bc8 28. Nb5 Bf8
29. Na3 Qd8 30. Nb5 Ra6 31. Ra2 Rba8 32. Rba1 Kg8 33. Qf3 Kg7 34. h4 gxh4 35.
gxh4 Kh8 36. Bc3 Ng8 37. Ng2 Ndf6 38. Qe2 Bxf5 39. exf5 Qd7 40. Qd3 Bg7 41. f4
e4 42. Qh3 Re8 43. Ne3 h5 44. Rg2 Bh6 45. Qg3 Qe7 46. a5 bxa5 47. Rxa5 Rxa5 48.
Bxa5 Qf8 49. Bc7 Ng4 50. Bxd6 Qg7 51. Nxg4 hxg4 52. Qxg4 Qxg4 53. Rxg4 Nf6 54.
Rg2 Nh5 55. Rf2 e3 56. Re2 Ng3 57. Re1 Nxf5 58. Be5+ Kh7 59. Kh2 Rg8 60. d6 Rg4
61. d7 Rxh4+ 62. Kg2 Rg4+ 63. Kf3 Rg8 64. Bf6 Bg7 65. Rh1+ Kg6 66. d8=Q Rxd8
67. Bxd8 Bd4 68. Bb6 Kf6 69. Rd1 Ke6 70. Nxd4+ cxd4 71. Bxd4 1-0

[Event "MMPONNR"]
[Site "Ogrodniczki k. Bialegostoku"]
[Date "2008.07.21"]
[Round "5.1"]
[White "Krawczyk, Wieslaw"]
[Black "Smirnov, Aleksander"]
[Result "0-1"]
[WhiteElo "2120"]
[BlackElo "2241"]
[PlyCount "94"]
[EventDate "2008.??.??"]

1. Nf3 d5 2. e3 c5 3. b3 Nc6 4. Bb2 Bg4 5. Be2 e6 6. d3 Nf6 7. Nbd2 Bd6 8. h3
Bxf3 9. Nxf3 e5 10. O-O Qe7 11. d4 cxd4 12. exd4 e4 13. Nd2 e3 14. fxe3 Qxe3+
15. Kh1 Nxd4 16. Nc4 dxc4 17. Bxd4 Qg3 18. Bg1 Qe5 19. Bf3 O-O 20. Qd4 Rac8 21.
Rad1 Bb8 22. Qxe5 Bxe5 23. Bxb7 Rc7 24. Bf3 cxb3 25. cxb3 g5 26. Bd4 Nd7 27.
Bg4 Bxd4 28. Rxd4 Ne5 29. Be2 Kg7 30. a4 Rc2 31. Re4 f6 32. Rd1 Rb8 33. b4 Rbc8
34. Rd5 Rb2 35. Rd1 Rcc2 36. Bf1 h5 37. Rde1 g4 38. R1e2 Rxe2 39. Bxe2 g3 40.
Kg1 Rb1+ 41. Bf1 Kg6 42. b5 Kf5 43. Rd4 Ng6 44. a5 Nf4 45. Rd2 Ke4 46. b6 axb6
47. axb6 Nd5 0-1

[Event "MMPONNR"]
[Site "Ogrodniczki k. Bialegostoku"]
[Date "2008.07.21"]
[Round "5.2"]
[White "Jurkiewicz, Krzysztof"]
[Black "Flazinski, Jozef"]
[Result "1-0"]
[WhiteElo "2188"]
[BlackElo "2036"]
[PlyCount "65"]
[EventDate "2008.??.??"]

1. d4 Nf6 2. c4 e6 3. g3 c5 4. Nf3 cxd4 5. Nxd4 Nc6 6. Nc3 Bb4 7. Bg2 O-O 8.
O-O Bxc3 9. bxc3 Qa5 10. Qb3 Qh5 11. Ba3 Rd8 12. Bd6 Ne8 13. Bf3 Qg6 14. Nb5
Nxd6 15. Nxd6 b6 16. Qb5 Rb8 17. Bh5 Qf6 18. Bxf7+ Kh8 19. Bh5 Rf8 20. Rad1 Ne5
21. Rd4 a6 22. Qb1 g6 23. Bf3 Nxf3+ 24. exf3 Qxf3 25. Nxc8 Rfxc8 26. Rxd7 Rxc4
27. Qe1 Re4 28. Qd2 Qh5 29. Rd8+ Rxd8 30. Qxd8+ Kg7 31. Rd1 Qe5 32. Rd7+ Kh6
33. Qf8+ 1-0

[Event "MMPONNR"]
[Site "Ogrodniczki k. Bialegostoku"]
[Date "2008.07.21"]
[Round "5.3"]
[White "Gurbanov, Andrei"]
[Black "Swiebocki, Jan"]
[Result "1-0"]
[WhiteElo "2181"]
[BlackElo "1997"]
[PlyCount "71"]
[EventDate "2008.??.??"]

1. d4 Nf6 2. c4 e5 3. dxe5 Ng4 4. e4 Nxe5 5. f4 Nec6 6. Be3 d6 7. Nc3 Be7 8.
Nf3 Bg4 9. Be2 O-O 10. O-O Bf6 11. h3 Bxf3 12. Bxf3 Nd7 13. Qd2 Nb6 14. b3 Re8
15. Rad1 Qe7 16. Rfe1 Qf8 17. Nd5 Nxd5 18. cxd5 Ne7 19. Rc1 c5 20. dxc6 Nxc6
21. Red1 Red8 22. b4 Ne7 23. Rc7 b6 24. Qe2 Ng6 25. e5 dxe5 26. Bxa8 exf4 27.
Rxd8 Qxd8 28. Qc2 Qd6 29. Rc8+ Nf8 30. Bf2 Qxb4 31. Bd5 Bd4 32. Rc4 Bxf2+ 33.
Kxf2 Qd6 34. Qf5 Qe7 35. Qxf4 h6 36. Rc7 1-0